00649nam a2200205Ia 450000500170000000800410001702000180005804000190007604100120009508200180010710000230012524500740014825000700022226000360029230000160032844000310034465000220037565100350039785000110043220240315103826.0131103s9999 xx 000 0 und d a0 7100 7291 0 aLoreto College aEnglish a372.216 bWHI aWhitbread, Nanette 4aThe Evoluton of the Nursery - Infant School, b cNanette Whitbread aA history of infant and nursery education in Britain 1800 - 1970  aLondonbRoutledge & Keganc1972 axiii,146p.  aStudents library education aNursery education aEngland - Elementery education aLCLIB